Normal view
MARC view
Entry Personal Name
001 - CONTROL NUMBER
- control field: 217442
003 - CONTROL NUMBER IDENTIFIER
- control field: OSt
005 - DATE AND TIME OF LATEST TRANSACTION
- control field: 20220924144317.0
008 - FIXED-LENGTH DATA ELEMENTS
- fixed length control field: 220924|| aca||aabn | a|a d
040 ## - CATALOGING SOURCE
- Original cataloging agency: OSt
- Transcribing agency: OSt
100 ## - HEADING--PERSONAL NAME
- Personal name: Sheerazi Mirza Mohammad Shafie
670 ## - SOURCE DATA FOUND
- Source citation: Work cat.: (OSt)456707: Sheerazi Mirza Mohammad Shafie , Marka-e-chikbast-wa-sharar yani mobahisa, 1966
